Quais edifícios históricos visitar em Londres - Statistics

Estatísticas Gerais
  • Esse quiz foi jogado 7 vezes
  • A pontuação média é 2 de 5
Estatísticas das Respostas
Resposta % Correto
Big Ben
100%
Palácio de Buckingham
43%
Abadia de Westminster
29%
Catedral de São Paulo
0%
Ponte da Torre
0%
Nenhum quiz correspondente encontrado
Distribuição das Pontuações
Porcentagem de Pessoas com Cada Pontuação
Percentil de Números Respondidos
Sua Pontuação Histórica
Você não jogou esse quiz